| 000 | 00705cam a2200205 a 4500 | ||
|---|---|---|---|
| 020 | _a0196360331 | ||
| 041 | 1 | _aeng | |
| 082 | 0 | 0 |
_a297.63 _bGUI |
| 100 | 1 | _aIbn Hishām, ʻAbd al-Malik, | |
| 245 | 1 | 4 | _aThe life of Muhammad : |
| 260 |
_aKarachi ; _aNew York : _bOxford University Press, _c2001. |
||
| 300 | _axlvii, 813 ; | ||
| 500 | _aTranslation of Ibn Hishām's Sīrat Rasūl Allāh which was based on Ibn Isḥāq's lost Sīrah. | ||
| 500 | _aOriginally published: London : Oxford University Press, 1955. | ||
| 650 | 0 | _aMuslims | |
| 700 | 1 | _aIbn Isḥāq, Muḥammad, | |
| 700 | 1 | _aGuillaume, Alfred, | |
| 856 | 4 | 2 | _uhttp://www.loc.gov/catdir/enhancements/fy0616/2003428555-d.html |
| 942 | _cBK | ||
| 999 |
_c23398 _d23398 |
||